Düsseldorfer Straßenbahnhaltestellen - Statistiken

Allgemein
  • Dieses Quiz wurde 130 mal gespielt
    74 seit der letzten Aktualisierung
  • Das Durchschnittsergebnis liegt bei 34 aus 129
Antwortstatistiken
Stadt Station Linien % Korrekt
Düsseldorf Düsseldorf Hbf 704, 707, 708,709
88%
Düsseldorf Schadowstraße U 701, 705, 706
65%
Düsseldorf Berliner Allee 701, 705, 706, 708, 709
63%
Düsseldorf Rath S 701
60%
Düsseldorf Oberbilk S U 701
58%
Düsseldorf Nordstraße U 701, 705
56%
Düsseldorf Steinstraße/Königsallee U 701, 705, 706
54%
Düsseldorf Dreieck 701, 705, 707
50%
Düsseldorf Worringer Platz 704, 708, 709
50%
Düsseldorf Derendorf S 701
48%
Düsseldorf Flingern S 706, 709
46%
Düsseldorf Sternstraße 701, 705, 706
46%
Düsseldorf Unterrath S 705, 707
46%
Düsseldorf Hamm S 706
44%
Düsseldorf Volksgarten S 706
44%
Düsseldorf Bilker Kirche 706, 707, 709
42%
Düsseldorf Oberbilker Markt/Warschauer Straße U 706
42%
Düsseldorf PSD Bank Dome 701
42%
Düsseldorf Venloer Straße 701, 705, 707
42%
Düsseldorf Landtag/Kniebrücke 706, 708, 709
40%
Düsseldorf Marienhospital 706, 707
40%
Düsseldorf Medienhafen, Kesselstraße 707
40%
Düsseldorf Rath Mitte S 701
40%
Düsseldorf Zoo S 706
40%
Düsseldorf Am Steinberg 701, 706
38%
Düsseldorf Brehmplatz 706, 708
38%
Düsseldorf Fürstenplatz 704, 707
38%
Düsseldorf Graf-Adolf-Platz U 706, 708, 709
38%
Düsseldorf Kettwiger Straße U 706
38%
Düsseldorf Lindemannstraße 706
38%
Düsseldorf Mintropplatz 704, 707
38%
Düsseldorf Charlottenstraße/Oststraße U 707
35%
Düsseldorf Eller Mitte S 701
35%
Düsseldorf Heinrichstraße 701, 708
35%
Düsseldorf Münsterplatz 701
35%
Düsseldorf Vennhauser Allee 701
35%
Düsseldorf Auf'm Hennekamp 704, 706
33%
Neuss Neuss Hauptbahnhof 709
33%
Düsseldorf Spichernplatz 705, 707
33%
Düsseldorf Alt Eller 701
31%
Düsseldorf Helmholtzstraße 701, 704, 707
31%
Düsseldorf Luisenstraße 705
31%
Düsseldorf Polizeipräsidium 708
31%
Düsseldorf Wahlerstraße/JVA 701
31%
Düsseldorf An der Piwipp 705, 707
29%
Düsseldorf Bilker Allee/Friedrichstraße 707
29%
Düsseldorf Gerresheim, Krankenhaus 709
29%
Düsseldorf Großmarkt 705, 707
29%
Düsseldorf Pempelforter Straße U 704
29%
Düsseldorf Rather Straße/Hochschule HSD 701, 704
29%
Düsseldorf Schlüterstraße/Arbeitsagentur 709
29%
Düsseldorf Stresemannplatz 708, 709
29%
Düsseldorf Uni-Kliniken 704
29%
Düsseldorf Völklinger Straße S 709
29%
Düsseldorf Jacobistraße 707
27%
Düsseldorf Staufenplatz 709
27%
Düsseldorf Essener Straße 705, 707
25%
Düsseldorf Karolingerplatz 705, 704
25%
Düsseldorf Kruppstraße 701, 706
25%
Düsseldorf Morsestraße 704, 705, 707
25%
Düsseldorf Schlesische Straße 701
25%
Düsseldorf Schloss Jägerhof 707
25%
Düsseldorf Stadttor 706, 709
25%
Düsseldorf Stadtwerke/Düsselstrand 706
25%
Düsseldorf Südfriedhof 709
25%
Düsseldorf Tannenstraße 705, 707
25%
Düsseldorf Universität Nord/Christophstraße 704
25%
Düsseldorf Am Schein 701
23%
Düsseldorf DOME/Am Hülserhof 701
23%
Düsseldorf Johannstraße 705, 707
23%
Düsseldorf Poststraße 706, 708, 709
23%
Düsseldorf Schillerplatz 706, 708
23%
Düsseldorf Sonnenstraße 701
23%
Düsseldorf Auf der Hardt/LVR-Klinikum 709
21%
Düsseldorf Birkenstraße 708, 709
21%
Düsseldorf Franziusstraße 706, 707
21%
Düsseldorf Kopernikusstraße 705, 706
21%
Düsseldorf Merowingerplatz 705, 706
21%
Düsseldorf Stockkampstraße 704, 706
21%
Düsseldorf Wupperstraße 706, 707
21%
Düsseldorf Elsässer Straße 705, 707
19%
Düsseldorf Engerstraße 709
19%
Düsseldorf Färberstraße 704, 705
19%
Düsseldorf Jägerstraße 701
19%
Düsseldorf Klosterstraße 707
19%
Neuss Markt 709
19%
Düsseldorf Merziger Straße 704
19%
Neuss Theodor-Heuss-Platz 709
19%
Düsseldorf Uhlandstraße 708
19%
Düsseldorf Am Hackenbruch 701
17%
Düsseldorf Corneliusstraße 705
17%
Düsseldorf Gangelplatz 701
17%
Düsseldorf Josef-Kardinal-Frings-Brücke 709
17%
Düsseldorf Lindenstraße 706
17%
Neuss Rheinparkcenter Süd 709
17%
Neuss Stadthalle/Museum 709
17%
Düsseldorf Tußmannstraße 706
17%
Düsseldorf Wetterstraße 709
17%
Düsseldorf Alter Schlachthof 704
15%
Düsseldorf Am Röttchen 705, 707
15%
Düsseldorf Eckenerstraße 705, 707
15%
Düsseldorf Flügelstraße 706
15%
Düsseldorf Merowingerstraße 705, 706
15%
Düsseldorf Moorenstraße 705, 706
15%
Düsseldorf St.-Vinzenz-Krankenhaus 704
15%
Düsseldorf Am Stufstock 701
13%
Düsseldorf Fichtenstraße 706
13%
Düsseldorf Georg-Schulhoff-Platz 709
13%
Düsseldorf Grunerstraße 708
13%
Düsseldorf Hansaplatz 708
13%
Düsseldorf Hoffeldstraße 709
13%
Düsseldorf Rotdornstraße 701
13%
Düsseldorf Straßburger Straße 704
13%
Düsseldorf Adlerstraße 704
10%
Düsseldorf Haeselerstraße 701
10%
Neuss Landestheater 709
10%
Düsseldorf Rochusmarkt 704
10%
Düsseldorf Speditionstraße 707
10%
Düsseldorf Hammer Dorfstraße 706
8%
Düsseldorf Kronprinzenstraße 707
8%
Neuss Niedertor 709
8%
Düsseldorf Pöhlenweg 709
8%
Düsseldorf Redinghovenstraße 706
8%
Düsseldorf Heinrich-Könn-Straße 709
6%
Düsseldorf Lennéstraße 704
6%
Düsseldorf Schumannstraße 706
6%
Neuss Glockhammer 709
4%
Düsseldorf Hemmersbachweg 706
4%
Neuss Langemarckstraße 709
4%
Keine übereinstimmenden Quizze gefunden
Verteilung der Resultate
Anzahl Personen mit jedem Resultat
Perzentil nach korrekt beantworteten Fragen
Ihre Resultats-Entwicklung
Sie haben dieses Quiz seit der letzten Aktualisierung nicht gespielt